[Event "Sant Adria de Besos op-B 1st"]
[Site "Sant Adria de Besos"]
[Date "2017.08.17"]
[Round "9"]
[White "Alcon Davalos, Marc"]
[Black "Arroyo Vega, Valenti"]
[Result "0-1"]
[WhiteElo "1436"]
[BlackElo "1867"]
[PlyCount "90"]
[EventDate "2017.08.11"]
[EventType "swiss"]
[EventRounds "9"]
[EventCountry "ESP"]
[SourceTitle "EXT 2019"]
[Source "ChessBase"]
[SourceDate "2018.10.10"]
[SourceVersion "1"]
[SourceVersionDate "2018.10.10"]
[SourceQuality "1"]

1. e4 c5 2. Nf3 Nc6 3. d4 cxd4 4. Nxd4 Qc7 5. Nc3 e6 6. Nb3 a6 7. Bd3 Nf6 8. Be3 Bb4 9. a3 Bxc3+ 10. bxc3 0-0 11. 0-0 d5 12. exd5 Nxd5 13. c4 Nxe3 14. fxe3 Ne5 15. Qe2 Bd7 16. Nd2 Bc6 17. e4 Rac8 18. Nf3 Nxf3+ 19. Rxf3 Qe5 20. Rb1 f5 21. Re3 f4 22. Rh3 Qd4+ 23. Qf2 Qxf2+ 24. Kxf2 e5 25. Ke2 Rcd8 26. Rf3 Rd4 27. Rb3 Bxe4 28. Bxe4 Rxe4+ 29. Kd3 Rd4+ 30. Ke2 e4 31. Rh3 Rxc4 32. c3 b5 33. Rb4 Rfc8 34. Kd2 e3+ 35. Kd3 Rd8+ 36. Ke2 Rd2+ 37. Ke1 Rxg2 38. Rf3 Rxh2 39. a4 Rxc3 40. Rb1 Rh1+ 41. Rf1 Rxf1+ 42. Kxf1 f3 43. Re1 bxa4 44. Ra1 e2+ 45. Ke1 Re3 0-1

[Event "Sant Adria de Besos op-B 1st"]
[Site "Sant Adria de Besos"]
[Date "2017.08.11"]
[Round "1"]
[White "Arroyo Vega, Valenti"]
[Black "Jimenez Molina, Victor"]
[Result "1/2-1/2"]
[WhiteElo "1867"]
[BlackElo "1590"]
[PlyCount "54"]
[EventDate "2017.08.11"]
[EventType "swiss"]
[EventRounds "9"]
[EventCountry "ESP"]
[SourceTitle "EXT 2019"]
[Source "ChessBase"]
[SourceDate "2018.10.10"]
[SourceVersion "1"]
[SourceVersionDate "2018.10.10"]
[SourceQuality "1"]

1. e4 c5 2. Nf3 d6 3. d4 cxd4 4. Nxd4 Nf6 5. Nc3 a6 6. a4 e5 7. Nb3 Be6 8. Bg5 Nbd7 9. Be2 Be7 10. 0-0 Rc8 11. Bxf6 Nxf6 12. Bf3 0-0 13. Qe2 Bc4 14. Qe3 Bxf1 15. Kxf1 Nd7 16. Bg4 Rb8 17. Bxd7 Qxd7 18. Nd5 Bd8 19. c4 f5 20. Nd2 b5 21. cxb5 axb5 22. a5 fxe4 23. b4 Bh4 24. g3 Qh3+ 25. Kg1 Qg4 26. Qxe4 Qxe4 27. Nxe4 Bd8 1/2-1/2

[Event "Mataro Vinas Memorial 13th"]
[Site "Mataro"]
[Date "2017.04.22"]
[Round "1"]
[White "Arroyo Vega, Valenti"]
[Black "Fernandez Pena, Pedro Emilio"]
[Result "0-1"]
[WhiteElo "1895"]
[BlackElo "2134"]
[PlyCount "40"]
[EventDate "2017.04.22"]
[EventType "swiss"]
[EventRounds "8"]
[EventCountry "ESP"]
[SourceTitle "CBM 187 Extra"]
[Source "ChessBase"]
[SourceDate "2018.11.04"]
[SourceVersion "1"]
[SourceVersionDate "2018.11.04"]
[SourceQuality "1"]

1. e4 c5 2. Nf3 e6 3. d4 cxd4 4. Nxd4 a6 5. c4 Nf6 6. Nc3 Qc7 7. a3 b6 8. Be2 Bb7 9. Qd3 d6 10. f4 Nbd7 11. b4 Rc8 12. Bd2 Be7 13. 0-0 0-0 14. Rac1 Rfd8 15. g4 Nc5 16. bxc5 dxc5 17. Nd5 exd5 18. cxd5 Nxd5 19. exd5 Rxd5 20. Be3 Qd7 0-1

[Event "Barcelona Sant Marti op-B 16th"]
[Site "Barcelona"]
[Date "2014.07.15"]
[Round "3"]
[White "Fungueirino Pique, Daniel"]
[Black "Arroyo Vega, Valenti"]
[Result "0-1"]
[WhiteElo "1864"]
[BlackElo "2084"]
[PlyCount "70"]
[EventDate "2014.07.13"]
[EventType "swiss"]
[EventRounds "9"]
[EventCountry "ESP"]
[SourceTitle "CBM 161 Extra"]
[Source "ChessBase"]
[SourceDate "2014.08.29"]
[SourceVersion "1"]
[SourceVersionDate "2014.08.29"]
[SourceQuality "1"]

1. d4 Nf6 2. Bg5 h6 3. Bxf6 exf6 4. c4 f5 5. Nc3 d6 6. e3 Nd7 7. Bd3 Nf6 8. Qc2 g6 9. Nge2 Bg7 10. h3 Bd7 11. Nf4 c6 12. Qb3 Qc7 13. Rc1 0-0 14. 0-0 Rfe8 15. d5 c5 16. Kh1 a6 17. Qc2 b5 18. b3 b4 19. Nd1 a5 20. a4 bxa3 21. Ra1 g5 22. Ne2 Nxd5 23. Rxa3 Nb4 24. Qb1 Nxd3 25. Qxd3 Qc6 26. Ndc3 Be6 27. Nd5 Bxd5 28. cxd5 Qb6 29. Nc3 Qb4 30. Nb5 Reb8 31. Rxa5 Qxa5 32. Nxd6 Qa6 33. Qxa6 Rxa6 34. Nxf5 Rxb3 35. Rc1 Ra1 0-1

[Event "Barcelona Sant Marti op-B 16th"]
[Site "Barcelona"]
[Date "2014.07.13"]
[Round "1"]
[White "Poyato Duran, David"]
[Black "Arroyo Vega, Valenti"]
[Result "1/2-1/2"]
[WhiteElo "1878"]
[BlackElo "2084"]
[PlyCount "37"]
[EventDate "2014.07.13"]
[EventType "swiss"]
[EventRounds "9"]
[EventCountry "ESP"]
[SourceTitle "CBM 161 Extra"]
[Source "ChessBase"]
[SourceDate "2014.08.29"]
[SourceVersion "1"]
[SourceVersionDate "2014.08.29"]
[SourceQuality "1"]

1. d4 Nf6 2. c4 e6 3. Bg5 b6 4. Nc3 Bb7 5. e3 Be7 6. Nf3 d6 7. Bd3 Nbd7 8. 0-0 h6 9. Bh4 g5 10. Bg3 Nh5 11. Rc1 Ndf6 12. d5 e5 13. Nd2 Nxg3 14. fxg3 0-0 15. Nde4 Nxe4 16. Bxe4 Bc8 17. Qh5 Kg7 18. Bf5 Bxf5 19. Rxf5 1/2-1/2

[Event "Malgrat del Mar op"]
[Site "Malgrat del Mar"]
[Date "1997.04.26"]
[Round "6"]
[White "Xapelli Aymerich, Josep"]
[Black "Arroyo Vega, Valenti"]
[Result "0-1"]
[WhiteElo "1910"]
[BlackElo "2110"]
[PlyCount "128"]
[EventDate "1997.??.??"]
[EventType "swiss"]
[EventRounds "9"]
[EventCountry "ESP"]
[SourceTitle "EXT 2003"]
[Source "ChessBase"]
[SourceDate "2002.11.25"]
[SourceVersion "1"]
[SourceVersionDate "2002.11.25"]
[SourceQuality "1"]

1. e4 c5 2. Nf3 d6 3. c3 Nf6 4. Be2 Nc6 5. d3 g6 6. 0-0 Bg7 7. Bg5 0-0 8. Nbd2 Bg4 9. h3 Bd7 10. Re1 Qc8 11. Kh2 h6 12. Be3 b6 13. d4 g5 14. e5 dxe5 15. Nxe5 Nxe5 16. dxe5 Nd5 17. Bf3 Nxe3 18. Rxe3 Rb8 19. Qe2 Qc7 20. Kg1 Rbd8 21. Re1 Be6 22. b3 Rd7 23. Bg4 Bxg4 24. hxg4 Rfd8 25. Nf3 e6 26. Qc2 Qc6 27. a3 a5 28. c4 a4 29. bxa4 Ra8 30. Qe4 Qxe4 31. Rxe4 Rxa4 32. Rb1 Rb7 33. Rb3 b5 34. Kf1 b4 35. axb4 Rbxb4 36. Rxb4 cxb4 37. c5 Bf8 38. c6 Ra8 39. Rc4 b3 40. c7 b2 41. Nd2 Rc8 42. Ke2 Bg7 43. Kd1 Bxe5 44. Kc2 Kf8 45. Ne4 Ke7 46. Nc3 Rxc7 47. Rxc7+ Bxc7 48. Kxb2 Be5 49. Kc2 Bxc3 50. Kxc3 f5 51. gxf5 exf5 52. Kd3 Kf6 53. Ke3 h5 54. g3 Ke5 55. f4+ gxf4+ 56. gxf4+ Kd5 57. Kd3 h4 58. Ke3 h3 59. Kf3 h2 60. Kg2 Ke4 61. Kxh2 Kxf4 62. Kg1 Kf3 63. Kf1 f4 64. Kg1 Ke2 0-1

[Event "Malgrat del Mar op"]
[Site "Malgrat del Mar"]
[Date "1997.03.21"]
[Round "2"]
[White "Coppulo Cerda, Angel"]
[Black "Arroyo Vega, Valenti"]
[Result "1/2-1/2"]
[WhiteElo "1895"]
[BlackElo "2110"]
[PlyCount "44"]
[EventDate "1997.??.??"]
[EventType "swiss"]
[EventRounds "9"]
[EventCountry "ESP"]
[SourceTitle "EXT 2003"]
[Source "ChessBase"]
[SourceDate "2002.11.25"]
[SourceVersion "1"]
[SourceVersionDate "2002.11.25"]
[SourceQuality "1"]

1. d4 d5 2. c4 e6 3. Nf3 Nf6 4. Bg5 Be7 5. e3 0-0 6. Nc3 b6 7. cxd5 exd5 8. Be2 Nbd7 9. 0-0 Bb7 10. Rc1 Rc8 11. Qa4 a5 12. Rfd1 Ne4 13. Bxe7 Qxe7 14. Nxe4 dxe4 15. Nd2 c5 16. Nb3 cxd4 17. Nxd4 Nf6 18. a3 Rxc1 19. Rxc1 Rc8 20. Rxc8+ Bxc8 21. Qc6 Qb7 22. Qxb7 Bxb7 1/2-1/2